Biblioteca

Why resident aliens struck a chord (Registro nro. 70273)

Detalles MARC
000 -LÍDER
Campo fijo de descripción fija 01594nab a2200241 i 4500
001 - NÚMERO DE CONTROL
Campo de control 768714001
003 - IDENTIFICADOR DEL NÚMERO DE CONTROL
Campo de control CO-MdFUSB
005 - FECHA Y HORA DE LA ULTIMA TRANSACCIÓN
control field 20240618163637.0
008 - ELEMENTOS DE LONGITUD FIJA -- INFORMACIÓN GENERAL
Campo fijo de descripción fija -- Información general 240618t1991 us ||||| |||| 00| 0 eng d
040 ## - FUENTE DE CATALOGACIÓN
Idioma de catalogación spa
Agencia que realiza la transcripción CO-MdFUSB
Agencia que realiza la modificación CO-MdFUSB
041 ## - CÓDIGO DE IDIOMA
Código de idioma para texto/pista de sonido o título separado eng
100 ## - ASIENTO PRINCIPAL--NOMBRE PERSONAL
Nombre personal Hauerwas, Stanley,
Fechas asociadas con el nombre 1940-
Término relacionador autor
245 ## - TÍTULO
Título Why resident aliens struck a chord
Mención de responsabilidad / Stanley Hauerwas and William H. Willimon
520 ## - NOTA DE RESUMEN, ETC.
Nota de sumario, etc. Si nuestro libro, Resident Aliens , ha tocado una fibra sensible es porque forma parte de una sinfonía. Más que necesitar “grandes teólogos”, la iglesia necesita la renovación de un discurso teológico inteligible para “cualquiera”, el tipo de discurso que hace una comunidad. Esto ocurre cuando la iglesia despierta de una vida cómoda como religión civilizatoria y cuando los cristianos recuperan su condición de “extranjeros residentes”. La tarea es desligarse de los hábitos Constantinianos que nos han llevado a confundir a Estados Unidos con la salvación de Dios. Cuando el libro toca una fibra sensible, esperamos que sea la fibra sensible del desafío a dejar atrás formas pasadas de infidelidad y vivir aventureramente.
546 ## - NOTA DE IDIOMA
Nota de idioma Texto en inglés.
650 #7 - ASIENTO SECUNDARIO DE MATERIA - TERMINO TEMÁTICO
Término temático o nombre geográfico como elemento de entrada Iglesias protestantes
9 (RLIN) 222
650 #0 - ASIENTO SECUNDARIO DE MATERIA - TERMINO TEMÁTICO
Término temático o nombre geográfico como elemento de entrada Reforma de la iglesia
9 (RLIN) 958
650 #0 - ASIENTO SECUNDARIO DE MATERIA - TERMINO TEMÁTICO
Término temático o nombre geográfico como elemento de entrada Cristianismo y otras religiones
9 (RLIN) 1247
700 ## - ENTR. SECUNDARIA - Nombre Personal (R)
Nombre de persona Willimon, William H.
Término indicativo de función autor
773 0# - ASIENTO DE ITEM FUENTE
Biblionumber 49486
Itemnumber 82783
Lugar, editorial y fecha de publicación Pasadena
Otro identificador del ítem R2658
Título Missiology:
Número de control del registro (CO-MdFUSB)97
Parte(s) relacionada(s) / Volumen., número. (mes año), páginas Volumen 19, (número 4, 1991) páginas: 419 - 430
Enumeración y primera página página: 419
942 ## - TIPO DE MATERIAL (KOHA)
Tipo de Item KOHA Artículos de Revista
945 ## - INFORMACIÓN LOCAL DEL REGISTRO
Catalogador Catherine Arias Álvarez - Practicante SENA

No hay ítems disponibles.

Biblioteca FUSBC | Teléfono: (57+4) 349 88 10 Ext. 141| WhatsApp (+57) 3005338115 
E-mail: biblioteca@unisbc.edu.co | Calle 76 87-14 Robledo Palenque, Medellín, Colombia

Con tecnología Koha